000 00722nam a22002297a 4500
003 UA-OsUOA
001 74010
007 ta
008 20110324b un ||||| |||| 00| 0 ukr d
100 _aЛукашова І.О.
700 _aВласова О.С.
090 _a330(477)
_bЛ84
942 _cSA
040 _aUA-OsUOA
_bukr
_cUA-OsUOA
_dUA-OsUOA
245 _aКласифікація інститутів спільного інвестування: необхідність і проблеми
300 _aС.7-13
955 _a0
041 _aukr
080 _a330(477)
773 0 _w74008
_tЕкономіка. Фінанси. Право.
_dК.
_d2011
_g2
650 7 _a330 Економіка взагалі
_2UDC
999 _c360298
_d360298